Normal view
MARC view
Entry Personal Name
001 - CONTROL NUMBER
- control field: 42750
003 - CONTROL NUMBER IDENTIFIER
- control field: ARRUPE
005 - DATE AND TIME OF LATEST TRANSACTION
- control field: 20181004121401.0
008 - FIXED-LENGTH DATA ELEMENTS
- fixed length control field: 181004|| aca||aabn | a|a d
040 ## - CATALOGING SOURCE
- Original cataloging agency: ARRUPE
- Transcribing agency: ARRUPE
100 ## - HEADING--PERSONAL NAME
- Personal name: Rea, W. F
670 ## - SOURCE DATA FOUND
- Source citation: Work cat.: (ARRUPE)26696: Dachs, Anthony J 13090, The Catholic Church and Zimbabwe, 1879-1979